La internacionalización de la empresa española (Registro nro. 58301)

Detalles MARC
000 -LEADER
campo de control de longitud fija 00619nam a2200169 i 4500
001 - NÚMERO DE CONTROL
campo de control 58301
003 - IDENTIFICADOR DE NÚMERO DE CONTROL
campo de control ES-MaACL
005 - FECHA Y HORA DE LA ÚLTIMA TRANSACCIÓN
campo de control 20230906163755.0
007 - CAMPO FIJO DE DESCRIPCIÓN FÍSICA--INFORMACIÓN GENERAL
campo de control de longitud fija t|
008 - DATOS DE LONGITUD FIJA--INFORMACIÓN GENERAL
campo de control de longitud fija 031021s1981 sp ||||1| spa d
100 1# - ENTRADA PRINCIPAL--NOMBRE DE PERSONA
Nombre de persona Durán Herrera, Juan José.
9 (RLIN) 46222
245 13 - MENCIÓN DEL TÍTULO
Título La internacionalización de la empresa española
Resto del título : inversiones españolas en el exterior /
Mención de responsabilidad, etc. Juan José Durán Herrera, María Paloma Sánchez Muñoz.
260 ## - PUBLICACIÓN, DISTRIBUCIÓN, ETC.
Lugar de publicación, distribución, etc. [Madrid] :
Nombre del editor, distribuidor, etc. Ministerio de Economía y Comercio,
Fecha de publicación, distribución, etc. [1981]
300 ## - DESCRIPCIÓN FÍSICA
Extensión 373 p. ;
Dimensiones 24 cm.
700 1# - ENTRADA AGREGADA--NOMBRE PERSONAL
Nombre de persona Sánchez Muñoz, María Paloma.
9 (RLIN) 102807
852 ## - LOCALIZACIÓN
Ubicación ES-MaACL
Número de control de estantería L-6225
Sublocalización o colección R.106822
Existencias
Estatus retirado Estado de pérdida Estado de daño No para préstamo Biblioteca de origen Biblioteca actual Ubicación en estantería Fecha de adquisición Fuente de adquisición Total de préstamos Signatura topográfica completa Código de barras Visto por última vez Precio de reemplazo Tipo de ítem Koha
        Biblioteca del Ateneo de Madrid Biblioteca del Ateneo de Madrid Depósito 2 17/01/2008     L-6225 1061177 23/02/2023 23/02/2023 Libro impreso